00270nam a2200121Ia 4500100002700000250000600027654001200033245002800045260003700073082001800110300000800128546001200136 aRai/ K.S./ Sarao/N.S.  a4 aApplied aApplied Thermodynamics bSatya PrakashanaNew yorkc1982 a621.4021bSAR a681 aENGLISH